| 000 | 01995 a2200277 4500 | ||
|---|---|---|---|
| 003 | Nust | ||
| 005 | 20220818182039.0 | ||
| 010 | _a 2002392951 | ||
| 020 | _a1861002610 | ||
| 035 | _a(OCoLC)ocm42968790 | ||
| 040 | _cNust | ||
| 082 | 0 | 0 | _a005.276,AND |
| 100 |
_aAnderson, Richard _998091 |
||
| 245 | 0 | 0 |
_aProfessional Active Server Pages 3.0 / _cRichard Anderson ... [et al.] |
| 246 | 3 | 0 | _aActive Server Pages 3.0 |
| 260 |
_aBirmingham [UK] ; _aChicago, Ill., USA : _bWrox Press Ltd., _cc1999. |
||
| 300 |
_axxiii, 1277 p. : _bill. ; _c24 cm. |
||
| 440 | 0 |
_aProgrammer to programmer _997202 |
|
| 505 | _aASP fundamentals(Page-9), Handling requests and responses(Page-47), ASP Applications and sessions(Page-93), Server processes and the ASP server object(Page-129),The scripting runtime library objects(Page-173), Active server components(Page-221), Debugging and error handling(Page-271), ADO 2.5 Basics(Page-313), Connections,commands and procedures(Page 353), ASP and data on the client (Page-389),Working with xml data(Page-443), Universal data access(Page-487),Components and web application architecture(Page-529),COM,COM+ and ASP (Page-565),COM + Applications(Page-599), ASP scripts components(Page-645),Building ASP components in C++(Page-673), More C++ component issues(Page-703), ASP and transacted web applications(Page-29), ASP and message queue server(Page-767), Introducing ADSI and active directory(Page-805), ASP and collaboration data objects for nt server (Page-847), ASP,CDO and exchange server(Page-895), Securing your server(Page-949), Working with certificates(Page-989),Optimizing ASP performance(Page-1023), Building multiple server websites(Page-1059), An XML driven newspaper case study(Page-1083). | ||
| 650 | 0 |
_aInternet programming. _918035 |
|
| 650 | 0 |
_aWeb publishing. _997833 |
|
| 650 | 0 |
_aWeb servers _xComputer programs. _955563 |
|
| 650 | 0 |
_aWeb sites _xDesign. _918036 |
|
| 700 | 1 |
_aAnderson, Richard, _d1972- _998092 |
|
| 942 |
_2ddc _cBK _k005.276,AND |
||
| 999 |
_c207976 _d207976 |
||